000
00284nam a2200109Ia 4500
008
230907s9999||||xx |||||||||||||| ||und||
082
_a
510.2455
_b
PAL
100
_a
Palmer, Paul I.
_9
116075
245
0
_a
Essential maths for geoscientists :
300
_a
xii, 204 pages :
942
_c
BK
999
_c
600964
_d
600964